00787nam a2200193 a 450000100100000000500170001000800410002704000250006808200150009324500670010824600120017526000430018730000340023049000310026450000560029583000380035195201870038999900170057600003585820200930074654.0111115s1914 fr ac 000 0 fre d aDO-SdBNPbfrecBNPHU axxxxbD54200aDiaz de la Peña :bhuit reproductions facsimile en couleurs.04aN. Diaz aParis :bPierre Lafitte et Cie,c1914. a80 p. :bil., retr. ;c20 cm.1 aLes peintres illustresv64 aEn la cubierta: Artistic-bibliothéque en couleurs 0aLes peintres illustresv64961839 0010507-18MOaGRbGRcOId2011-11-15iLF1l0oxxxx D542p35858-10r2020-06-25w2020-06-25y1zPerteneció a la biblioteca personal de Juan Isidro Jimenes -GrullónZNo se presta c35349d35349